| 000 | 00582nam a2200193 4500 | ||
|---|---|---|---|
| 001 | 109975 | ||
| 003 | ES-MaACL | ||
| 005 | 20250814063227.0 | ||
| 007 | t| | ||
| 008 | 061121s1972 sp r ||||1| spa d | ||
| 080 | _a616.8(075.8) | ||
| 100 | 1 |
_aObrador Alcalde, Sixto, _d1911-1978 _986417 |
|
| 245 | 1 | 0 |
_aManual de neurología médica y quirúrgica / _cdirigida por S. Obrador. |
| 260 |
_aMadrid : _bPaz Montalvo, _c1972. |
||
| 300 |
_a331 p. : _bil. ; _c27 cm. |
||
| 650 | 4 |
_aNeurología. _9136593 |
|
| 852 |
_aES-MaACL _jC-47726 _bR.84691 |
||
| 999 |
_c109975 _d109975 |
||